000 00837nam a2200253Ia 4500
003 OSt
005 20220923211206.0
006 a|||||r|||| 00| 0
007 ta
008 Pun
020 _a9 788178836492 (hbk)
_c360
024 _a245,933
037 _b7830/XII, 31/01/2011, Arsee Publishers
_cTextual
040 _aARTS
_cARTS
_bPun
041 _2Pun
_aPun
082 _aO153,2:g, P9
100 _aਸਿੰਘ, ਪਾਲੀ ਭੁਪਿੰਦਰ
_9159376
245 0 _aਨਾਟਕ ਅਤੇ ਨਾਟ ਚਿੰਤਨ
260 _aਲੁਧਿਆਣਾ
_b ਚੇਤਨਾ
_c2009
300 _a135ਪੰ
_ccm.
650 _aਪੰਜਾਬੀ ਸਾਹਿਤ
942 _hO153,2:g, P9
_cTEXL
_2CC
999 _c296603
_d296603